Dějiny a politika. Eseje a úvahy z let 1977-1989 /

Salvato in:
Dettagli Bibliografici
Autore principale: Pithart, Petr (Autore)
Natura: Libro
Lingua:ceco
Pubblicazione: Praha : Prostor, 1990
Edizione:1.vyd.
Tags: Aggiungi Tag
Nessun Tag, puoi essere il primo ad aggiungerne!!

MARC

LEADER 00000nam a22000003a 4500
001 stu773
005 20150617225705.0
008 911113s1990----cs------------------cze-d
020 |a 80-85190-05-2 
040 |a STU  |b slo 
041 0 |a cze 
044 |a cs 
080 |a 32 
100 1 |a Pithart, Petr  |4 aut 
245 1 |a Dějiny a politika. Eseje a úvahy z let 1977-1989 /  |c [aut.] Pithart,Petr 
250 |a 1.vyd. 
260 |a Praha :  |b Prostor,  |c 1990 
300 |a 369 s 
996 |b E75286  |c R*75286  |l RRUM  |s A  |a 24  |w stu773_0001